01018nam a2200349 a 450000500170000000800410001702000150005804000250007304100080009804400080010608200160011410000210013024500990015126000510025030000570030165000130035865000180037165000320038965000170042165000100043865000160044865000150046465000110047965000160049065000170050665000170052370000250054070000220056570000250058770000300061270000260064220191224041619.0140303b1999 nyu||||| |||| 00| 0 eng d a0893274275 aCO-BoIAVHcCO-BoIAVH0 aeng axxu04a581.7bJ27p1 aLuteyn, James L.10aPáramosba checklist of plant diversity, geographical distribution, and botanical literature aNueva York:bNew York Botanical Garden,c1999. a278 páginas :bmapas, ilustraciones ;c26 x 18 cm. 6aPáramo 6aBiodiversidad 6aDistribución geográfica 6aVegetación 6aFlora 6aInventarios 6aLíquenes 6aMusgos 6aHepáticas 6aGimnospermas 6aAngiospermas1 aChurchill, Steven P.1 aGriffin III. Dana1 aSipman, Harrie J. M.1 aGavilanes A., Mauricio R.1 aGradstein, S. Robbert